| 000 | 00753nam a2200193 4500 | ||
|---|---|---|---|
| 001 | 126002 | ||
| 003 | ES-MaACL | ||
| 005 | 20230906192732.0 | ||
| 007 | t| | ||
| 008 | 070214s1948 sp r ||||1| spa d | ||
| 100 | 1 |
_aRégulo Pérez, Juan. _995942 |
|
| 245 | 1 | 4 |
_aLos periódicos de la isla de La Palma / _cpor Juan Régulo Pérez. |
| 260 |
_aLa Laguna de Tenerife : _b[s. n.], _c1948 ( _fImp. Católica) |
||
| 300 |
_a42 h. ; _c23 cm. |
||
| 500 | _aPrecede al tít.: Universidad de la Laguna, Facultad de Filosofía y Letras. | ||
| 500 | _aSeparata de: Revista de Historia, nº 84, octubre - diciembre 1948, pp. 338 - 413. | ||
| 710 | 2 |
_aUniversidad de La Laguna. _bFacultad de Filosofía y Letras. _97196 |
|
| 852 |
_aES-MaACL _j1895-F-1 _bR.26888 |
||
| 999 |
_c126002 _d126002 |
||